| 000 | 01144nam a2200265Ia 4500 | ||
|---|---|---|---|
| 003 | OSt | ||
| 005 | 20221005104712.0 | ||
| 006 | a|||||r|||| 00| 0 | ||
| 007 | ta | ||
| 008 | 221004b |||||||| |||| 00| 0 hin d | ||
| 020 |
_a9789380172323 (hbk) _c480 |
||
| 024 | _a8727 | ||
| 037 |
_b20474, 08/01/2014, Hindi Madhyam Karyanvyan Nideshalye _cTextual |
||
| 040 |
_aCRL _cCRL _bhin |
||
| 041 |
_2hin _ahin |
||
| 082 | _aV5.N, 152Q0 | ||
| 100 | _aविजय, देवेश, संपा. | ||
| 245 | 0 |
_aआध्ुानिक यूरोप का इतिहास _b आयाम एवं दिशाएं |
|
| 246 | _aĀdhuānik yūrop kā itihāsa: āyām evan dishāean | ||
| 260 |
_aदिल्ली _bविशवविद्यालय हिन्दी माध्यम कार्यान्वय निदेशालय भारत _c2010 |
||
| 300 |
_a968पृ0 _ccm. |
||
| 650 | _aविश्व-इतिहास | ||
| 942 |
_hV5.N, 152Q0 _cTEXL _2cc |
||
| 999 |
_c1013549 _d1013549 |
||